Trnava

Zobrazenie: Na striebornom podklade, v bielom orámovaní jeden pohľad zhora na ulicu po oboch stranách lemovanú domami, kde vpravo v pozadí medzi budovami je mestská veža a vľavo medzi budovami je Kostol Najsvätejšej Trojice, jeden pohľad na ulicu, po oboch stranách lemovanú domami a na jej konci je...

Full description

Bibliographic Details
Other Authors: Ondrejkovič, Ivan, 1935-1998 (Photographer)
Format: Photo
Language:Slovak
PhysicalDescription:1 pohľadnica (4 čiastkové pohľady) farebná 15 x 11 cm
Published: Bratislava ČSTK-Pressfoto 1988
Subjects:

MARC

LEADER 00000nkm a2200000 a 4500
001 vtls012156378
003 SK-MaSNL
005 20260331211810.0
007 kf co
008 221209s1988 xo g 00 kuslo
015 |a SNBG1988 
040 |a SNK  |b slo  |c SNK  |e AACR2 
041 0 |a slo 
043 |a e-xo--- 
044 |a xo  |c SK 
072 7 |a 913  |x Regionálna geografia  |2 konspekt 
080 |a 913(437.6)  |2 2011 
080 |a 904(084.121)  |2 2011 
080 |a 792.05  |2 2011 
080 |a 726:27-523.42  |2 2011 
080 |a 725/726.012.28  |2 2011 
080 |a 069  |2 2011 
100 1 |a Ondrejkovič, Ivan,  |d 1935-1998  |4 pht  |9 7599 
245 1 0 |a Trnava  |h grafika  |c foto: I. Ondrejkovič ; výtvarný návrh: K. Izakovič 
246 1 |i Názov na adresnej časti:  |a Stred mesta 
246 1 |i Názov na adresnej časti:  |a Ulica M. Schneidera Trnavského 
246 1 |i Názov na adresnej časti:  |a Divadlo pre deti a mládež 
246 1 |i Názov na adresnej časti:  |a Západoslovenské múzeum 
264 1 |a Bratislava  |b ČSTK-Pressfoto  |c 1988 
300 |a 1 pohľadnica (4 čiastkové pohľady)  |b farebná  |c 15 x 11 cm 
500 |a Názvové údaje prevzaté z obrazovej časti pohľadnice 
520 8 |a Zobrazenie: Na striebornom podklade, v bielom orámovaní jeden pohľad zhora na ulicu po oboch stranách lemovanú domami, kde vpravo v pozadí medzi budovami je mestská veža a vľavo medzi budovami je Kostol Najsvätejšej Trojice, jeden pohľad na ulicu, po oboch stranách lemovanú domami a na jej konci je bazilika, jeden pohľad spredu na budovu, pred ktorou po chodníku kráčajú traja ľudia, a jeden pohľad spredu na budovu v tvare "L", za ktorou vľavo je veža kostola 
610 2 7 |a Divadlo pre deti a mládež (Trnava, Slovensko)  |2 SNKKA  |9 62728 
610 2 7 |a Bazilika sv. Mikuláša (Trnava, Slovensko)  |2 SNKKA  |9 173500 
610 2 7 |a Kostol Nanebovzatia Panny Márie (Trnava, Slovensko)  |2 SNKKA  |9 173499 
610 2 7 |a Kostol Najsvätejšej Trojice (Trnava, Slovensko)  |2 SNKKA  |9 350990 
610 2 7 |a Západoslovenské múzeum v Trnave  |2 SNKKA  |9 33512 
650 0 7 |a Mestská veža (Trnava, Slovensko)  |2 SNKPH  |9 173573 
650 0 7 |a divadlá  |2 SNKPH  |9 29113 
650 0 7 |a baziliky  |2 SNKPH  |9 54566 
650 0 7 |a múzeá  |2 SNKPH  |9 4119 
650 0 7 |a mestské veže  |2 SNKPH  |9 173826 
650 0 7 |a kostoly  |2 SNKPH  |9 3023 
650 0 7 |a kultúrne pamiatky  |2 SNKPH  |9 2862 
651 7 |a Trnava (Slovensko)  |2 SNKPHgeo  |9 19407 
655 7 |a miestne pohľadnice  |2 SNKPH  |9 70510 
655 7 |a pohľadnice kultúrnych pamiatok  |2 SNKPH  |9 70523 
700 1 |a Izakovič, K.  |c (grafik)  |4 art  |9 179239 
958 |a GBN 
958 |a GC 
958 |a OND 
999 |c 787396  |d 789326 
952 |a SNK  |b SNK  |y PREZ  |7 0  |p 17A1503102  |o snkSP 146861  |i snk2022/18756  |8 5  |0 0  |1 0  |4 0  |d 2022-12-09  |f 1  |l 0  |r 2026-02-24 01:25:00  |w 2026-02-24